| 000 | 00677cam a2200217 a 4500 | ||
|---|---|---|---|
| 001 | 000017997 | ||
| 005 | 20200929165318.0 | ||
| 008 | 840806s1952 fr 000 0 fre d | ||
| 040 |
_aDO-SdBNP _bfre _cLC _dBNPHU |
||
| 082 |
_a842.54 _bA982t |
||
| 100 | 1 |
_aAymé, Marcel, _d1902-1967. _939017 |
|
| 245 | 1 | 3 |
_aLa tête des autres : _bpiéce en 4 actes / _cMarcel Aymé. |
| 260 |
_a[Paris] : _bBernard Grasset, _c1952. |
||
| 300 |
_a175, [16] p. ; _c19 cm. |
||
| 490 | 1 |
_aLa Livre de Poche, _v180 |
|
| 650 | 4 |
_aTeatro francés _95359 |
|
| 650 | 4 |
_aLiteratura francesa _91074 |
|
| 830 | 0 |
_aLa Livre de Poche, _v180 _938947 |
|
| 910 | _aCatalogación por copia / LC | ||
| 049 | _aBNGR | ||
| 999 |
_c17519 _d17519 |
||